La cultura nos hace humanos /

Gespeichert in:
Bibliographische Detailangaben
Weitere Verfasser: Trujillo Liñan, Laura (coordinadora.), Bobkina, Jelena (coordinadora.), Blanco Cordón, Tatiana (coordinadora.)
Format: E-Book
Sprache:Spanisch
Veröffentlicht: Pamplona : Aranzadi (LA LEY Soluciones Legales S.A.), 2022.
Schriftenreihe:Nueva Academia ; 16.
Schlagworte:
Online-Zugang:https://elibro.unach.elogim.com/es/lc/unach/titulos/289852
Tags: Tag hinzufügen
Keine Tags, Fügen Sie den ersten Tag hinzu!

MARC

LEADER 00000nam a2200000 i 4500
001 ELB289852
003 FINmELB
005 20251205180800.0
006 m o d |
007 cr cnu||||||||
008 251125s2022 sp o 001 0 spa d
017 |a NA-2237-2022  |b España 
020 |a 9788411242998  |q (e-book) 
020 |a 9788411243001  |q (print) 
035 |a (OCoLC)1564683248 
040 |a FINmELB  |b spa  |e rda  |c FINmELB 
050 4 |a HM621  |b C86 2022 
080 |a 316.7 
082 0 4 |a 306  |2 23 
245 0 3 |a La cultura nos hace humanos /  |c Laura Trujillo Liñan, Jelena Bobkina, Tatiana Blanco Cordón (coordinadoras). 
264 1 |a Pamplona :  |b Aranzadi (LA LEY Soluciones Legales S.A.),  |c 2022. 
300 |a 1 recurso en línea (747 páginas) 
336 |a texto  |b txt  |2 rdacontent/spa 
337 |a computadora  |b c  |2 rdamedia/spa 
338 |a recurso en línea  |b cr  |2 rdacarrier/spa 
490 1 |a Nueva Academia ;  |v 16 
500 |a Incluye índice. 
588 |a Descripción basada en metadatos suministrados por el editor y otras fuentes. 
590 |a Recurso electrónico. Santa Fe, Arg.: elibro, 2025. Disponible vía World Wide Web. El acceso puede estar limitado para las bibliotecas afiliadas a elibro. 
650 4 |a Cultura  |x Aspectos sociales. 
655 4 |a Libros electrónicos. 
700 1 |a Trujillo Liñan, Laura,  |e coordinadora. 
700 1 |a Bobkina, Jelena,  |e coordinadora. 
700 1 |a Blanco Cordón, Tatiana,  |e coordinadora. 
797 2 |a elibro, Corp. 
830 0 |a Nueva Academia ;  |v 16. 
856 4 0 |u https://elibro.unach.elogim.com/es/lc/unach/titulos/289852